| 000 | 00675nai a2200205Ia 4500 | ||
|---|---|---|---|
| 003 | IN-BaIIA | ||
| 008 | 211028c9999 xx s 000 0 eng d | ||
| 022 | _a1991-1696 (Print) | ||
| 040 | _cIIA Library | ||
| 245 | 0 |
_aSAIEE Africa Research Journal _h[eJournal] |
|
| 260 |
_aUSA _bSAIEE |
||
| 310 | _aQuarterly | ||
| 362 | _a100(1); 2009 - Present | ||
| 521 | _bSubscribed through National Knowledge Resource Consortium (NKRC) | ||
| 650 | _a Bioengineering | ||
| 650 | _a Communication, Networking and Broadcast Technologies | ||
| 650 | _aAerospace | ||
| 856 |
_uhttps://ieeexplore.ieee.org/servlet/opac?punumber=8475037 _yClick Here to Access eJournal |
||
| 942 | _cEJ | ||
| 999 |
_c35669 _d35669 |
||